00814nam a2200217Ia 4500999001700000082001200017100002200029245015900051250002200210260000900232300001000241650003100251650003500282650003500317650003700352650003300389650003300422710001600455942001200471952011300483 c21211d21211 aTT.0118 aTheophilus-o-Uche 0aStudy of impact of the Governments promotional and protective measures on small scale industries development : A comparative analysis of India and Nigeria aNagpur University c1992 a363p. aINDUSTRY AND STATE - INDIA aINDUSTRIAL PROMOTION - NIGERIA aSMALL SCALE INDUSTRIES - INDIA aSMALL SCALE INDUSTRIES - NIGERIA aINDUSTRIAL PROMOTION - INDIA aINDUSTRY AND STATE - NIGERIA aJoshi, P.L. cTH2ddc 00104070aNASSDOCbNASSDOCd2004-10-08i2008-12-30l0oTT.0118p32542r2019-04-18 00:00:00w2019-04-18yTH